Wildlife rehabilitation: additional considerations for developing countries (Registro nro. 11683)

Detalles MARC
000 -CABECERA
Campo de control 004900000a22001570004500
090 ## - CLASIFICACIÓN LOCAL
Colección AR
Consecutivo 02620
041 0# - IDIOMA
Código de idioma para texto/pista de sonido o título separado
100 1# - ASIENTO PRINCIPAL--NOMBRE PERSONAL
Nombre personal Karesh, William B.
245 10 - MENCION DE TITULO
Título Wildlife rehabilitation: additional considerations for developing countries
650 14 - ASIENTO SECUNDARIO DE MATERIA - TERMINO TEMATICO
Término temático o nombre geográfico como elemento de entrada Veterinaria
650 14 - ASIENTO SECUNDARIO DE MATERIA - TERMINO TEMATICO
Término temático o nombre geográfico como elemento de entrada Fauna silvestre
650 14 - ASIENTO SECUNDARIO DE MATERIA - TERMINO TEMATICO
Término temático o nombre geográfico como elemento de entrada Conservación
650 14 - ASIENTO SECUNDARIO DE MATERIA - TERMINO TEMATICO
Término temático o nombre geográfico como elemento de entrada Fauna silvestre
773 1# - Item fuente:
Título Journal of Zoo and Wildlife Medicine
Especificación de materiales 394
Descripción física 1
Paginas del Articulo 2-9
Lugar, editorial y fecha de publicación 1995
Información sobre la relación 26
942 ## - ELEMENTOS ADICIONALES (KOHA)
Tipo de ítem Artículo
Existencias
Withdrawn status Lost status Damaged status No para préstamo Colección Ubicación Permanente Ubicación actual Fecha de adquisición Fuente de Valor Datos de publicación Seriada Total Checkouts Número topográfico Inventario / Código de Barras Date last seen Ejemplar Price effective from Forma de adquisición Tipo de material
      No para Préstamo Hemeroteca Bogotá Bogotá 27/02/2015 Sánchez, Enrique Fuera de circulación   AR 02620 013033 25/03/2015 1 25/03/2015   Artículo